00900 2200241 4500001002100000005001500021035002000036007000300056008004100059020002200100082001200122084001800134100003100152245027400183250002400457260003200481300005200513650001900565700002000584520003200604990001100636990001100647INLIS00000000000348420190523091043 a0010-0519000076ta190523 g 0 ind  a978-979-1254-62-5 a297.648 a297.648 ALI e0 aALI, Muhammad ash-Shallabi1 aEpisode Krusial Sejarah Indonesia MU'AWIYAH BIN ABU SUFYAN :bPrestasi Gemilang Selama 20 Tahun Sebagai Gubernur dan 20 Tahun Sebagai Khalifah Disertai Studi Kritis terhadap Fitnah-Fitnah yang Terjadi di Zamannya /cAli Muhammad ash-Shallabi; penerjemah, Izzudin Karimi aed.Indonesia, cet.2 aJakarta :bDarul HAQ,c2013 axxxviii, 1036 hlm ;c24 cm.--seri Buku DH ke-22 4aBIOGRAFI.ISLAM0 aIZZUDIN, Karimi aBibliografi: hlm. 1011-1035 a6777 a a6777 b